000 04248nam a22003737a 4500
005 20091214121155.0
020 _c30.00
_a9788179875421
035 _aB-376831-842
037 _bविश्व विजय बुक्स
082 _a398.6
100 _aत्रिपाठी, महेश चंद्र
_9870
245 _aविज्ञान की पहेलियां-3 /
_cमहेश चंद्र त्रिपाठी
260 _aनई दिल्ली
_bविश्व विजय बुक्स
_c2009
270 _aबी-1/ई-7, मोहन कॉरेटिव, बदरपुर
_bनई दिल्ली
_e110044
300 _a32 पृ.
_c22सेमी (अजिल्द)
_bसचित्र
505 _a
650 _a
_9871
650 _a
_9872
651 _aChildren stories
_9873
942 _adpl
_cCH
_k
_2ddc
_mत्रिपाठी
_h398.6
999 _c32757
_d32757